Oxford handbook of sport and exercise medicine / (رقم التسجيلة. 31711)
[ عرض عادي ]
| 000 -الفاتح | |
|---|---|
| حقل البيانات ثابتة الطول | 01312cam a2200409 a 4500 |
| 001 - رقم الضبط | |
| رقم الضبط | 17322316 |
| 003 - محدد رقم الضبط | |
| رقم الضبط | OSt |
| 005 - وقت وتاريخ اخر تعامل مع التسجيلة | |
| رقم الضبط | 20150408114147.0 |
| 008 - عناصر البيانات ثابتة الطول - معلومات عامة | |
| حقل البيانات ثابتة الطول | 120529r20132007enka 001 0 eng c |
| 010 ## - رقم ضبط مكتبة الكونجرس | |
| رقم ضبط مكتبة الكونجرس | 2012940770 |
| 015 ## - رقم الببليوجرافية الوطنية | |
| رقم الببليوجرافية الوطنية | GBB261642 |
| المصدر | bnb |
| 016 7# - رقم ضبط الوكاله الوطنية للضبط الببليوجرافي | |
| رقم ضبط التسجيلة | 016111002 |
| المصدر | Uk |
| 020 ## - الرقم الدولى المعيارى للكتب | |
| الرقم الدولى المعيارى للكتاب | 9780199660155 (pbk.) |
| 020 ## - الرقم الدولى المعيارى للكتب | |
| الرقم الدولى المعيارى للكتاب | 0199660158 (pbk.) |
| 035 ## - رقم ضبط النظام | |
| رقم ضبط النظام | (OCoLC)ocn797975153 |
| 040 ## - مصدر الفهرسة | |
| وكالة الفهرسة الأصلية | UKMGB |
| لغة الفهرسة | eng |
| وكالة النسخ | UKMGB |
| وكالة التعديل | OCLCO |
| -- | YDXCP |
| -- | CDX |
| -- | YNK |
| -- | UV0 |
| -- | CNAUC |
| -- | OSU |
| -- | DLC |
| 042 ## - رمز التحقق | |
| رمز التحقق | pcc |
| 050 00 - رقم طلب مكتبة الكونجرس | |
| رقم التصنيف | RC1210 |
| رقم المادة | .O944 2013 |
| 082 00 - رقم تصنيف ديوى العشرى | |
| رقم التصنيف | 617.1027 |
| رقم الطبعة | 23 |
| رقم المادة | OXH |
| 245 00 - بيان العنوان | |
| العنوان | Oxford handbook of sport and exercise medicine / |
| بيان المسئوليه,etc | edited by Domhnall MacAuley. |
| 246 30 - العنوان الموازى | |
| عنوان صحيح/عنوان مختصر | Sport and exercise medicine |
| 250 ## - بيان الطبعة | |
| بيان الطبعة | 2nd ed. |
| 260 ## - PUBLICATION, DISTRIBUTION, ETC. (IMPRINT) | |
| مكان الناشر او الموزع | Oxford : |
| اسم الناشر او الموزع | Oxford University Press, |
| تاريخ النشر أو التوزيع | 2013, �2013. |
| 300 ## - الوصف المادى | |
| التعداد | xxvi, 755 p. : |
| تفاصيل ماديه اخرى للوعاء | ill. ; |
| أبعاد الوعاء | 19 cm. |
| 490 1# - بيان السلسلة | |
| عنوان السلسلة | Oxford handbooks |
| 490 1# - بيان السلسلة | |
| عنوان السلسلة | Oxford medical publications |
| 500 ## - تبصرة عامة | |
| تبصرة عامة | Previous ed.: 2007. |
| 500 ## - تبصرة عامة | |
| تبصرة عامة | Includes index. |
| 650 #0 - المدخل الاضافى بالموضوع-مصطلح موضوعى | |
| مصطلح موضوعي أو اسم جغرافي كعنصر مدخل | Sports medicine. |
| 700 1# - المدخل الاضافى - اسم شخصى | |
| الإسم الشخصى | MacAuley, Domhnall. |
| 9 (RLIN) | 17645 |
| 830 #0 - المدخل الاضافى بالسلسلة -عنوان موحد | |
| عنوان موحد | Oxford medical publications. |
| 9 (RLIN) | 17607 |
| 830 #0 - المدخل الاضافى بالسلسلة -عنوان موحد | |
| عنوان موحد | Oxford handbooks. |
| 906 ## - عنصر بيانات محلى F, LDF (RLIN) | |
| a | 7 |
| b | cbc |
| c | pccadap |
| d | 2 |
| e | ncip |
| f | 20 |
| g | y-gencatlg |
| 942 ## - عناصر المدخل الإضافي( كوها) | |
| مصدر التصنيف او مخطط الترفيف | Dewey Decimal Classification |
| Koha [default] item type | كتاب |
| حالة الفقد | نموذج السعر الفعال | حالة تلف | ليس للاعارة | رقم الطلب | تاريخ الاكتساب | الموقع الحالي | الباركود | الفرع الرئيسي | Date last seen | نوع المادة فى نظام كوها | مصدر التصنيف او خطة الترفيف | Total Checkouts | Date last checked out |
|---|---|---|---|---|---|---|---|---|---|---|---|---|---|
| 2013-11-02 | 617.1027 OXH | 2013-11-02 | المكتبة المركزية بالمجمعة (CL) | 00403718 | المكتبة المركزية بالمجمعة (CL) | 2013-11-02 | كتاب | Dewey Decimal Classification | |||||
| 2013-11-02 | 617.1027 OXH | 2013-11-02 | المكتبة المركزية بالمجمعة (CL) | 00403719 | المكتبة المركزية بالمجمعة (CL) | 2014-03-19 | كتاب | Dewey Decimal Classification | 1 | 2014-02-27 | |||
| 2013-11-02 | 617.1027 OXH | 2013-11-02 | المكتبة المركزية بالمجمعة (CL) | 00403720 | المكتبة المركزية بالمجمعة (CL) | 2013-11-02 | كتاب | Dewey Decimal Classification | |||||
| 2013-11-02 | 617.1027 OXH | 2013-11-02 | مكتبة مجمع الكليات بالزلفى - طلاب (SZM) | 00403721 | مكتبة مجمع الكليات بالزلفى - طلاب (SZM) | 2013-11-02 | كتاب | Dewey Decimal Classification | |||||
| 2013-11-02 | 617.1027 OXH | 2013-11-02 | مكتبة مجمع الكليات بالزلفى - طلاب (SZM) | 00403722 | مكتبة مجمع الكليات بالزلفى - طلاب (SZM) | 2013-11-02 | كتاب | Dewey Decimal Classification |
